Función de los precios en desarrollo / (Registro nro. 12263)

Detalles MARC
000 -LEADER
fixed length control field 01047nam a2200241Ia 4500
003 - CONTROL NUMBER IDENTIFIER
control field OSt
005 - DATE AND TIME OF LATEST TRANSACTION
control field 20210826160929.0
008 - FIXED-LENGTH DATA ELEMENTS--GENERAL INFORMATION
fixed length control field 210310s1961 mx gr 000 0 spa d
040 ## - CATALOGING SOURCE
Original cataloging agency CO-JMCR
Transcribing agency CO-JMCR
041 0# - LANGUAGE CODE
Language code of text/sound track or separate title spa
082 04 - DEWEY DECIMAL CLASSIFICATION NUMBER
Classification number 335.52 /
Item number G719f
Edition number 23
100 1# - MAIN ENTRY--PERSONAL NAME
Personal name Gouvea de Bulhoes, Octavio,
Relator term autor
9 (RLIN) 27739
245 10 - TITLE STATEMENT
Title Función de los precios en desarrollo /
Statement of responsibility, etc. Octavio Gouuvea de Bulhoes
250 ## - EDITION STATEMENT
Edition statement Primera edición
260 ## - PUBLICATION, DISTRIBUTION, ETC.
Place of publication, distribution, etc. México :
Name of publisher, distributor, etc. Centro de Estudios Monetarios latinoamericanos,
Date of publication, distribution, etc. 1961.
300 ## - PHYSICAL DESCRIPTION
Extent 89 páginas ;
Dimensions 21 cm.
501 ## - WITH NOTE
With note Con: notas a pie de página.
505 ## - FORMATTED CONTENTS NOTE
Formatted contents note Mercados de consumo y de producción. -- Escala de producción y productividad de factores. -- Saneamiento del mercado de precios y descentralización de las actividades económicas. -- El sistema fiscal y ls precios de equilibrio. -- Generalización del estudio de la economía.
650 14 - SUBJECT ADDED ENTRY--TOPICAL TERM
Topical term or geographic name entry element Mercados de consumo.
9 (RLIN) 39741
650 24 - SUBJECT ADDED ENTRY--TOPICAL TERM
Topical term or geographic name entry element Productividad de factores.
9 (RLIN) 39742
650 24 - SUBJECT ADDED ENTRY--TOPICAL TERM
Topical term or geographic name entry element Mercado de precios.
9 (RLIN) 39743
942 ## - ADDED ENTRY ELEMENTS (KOHA)
Source of classification or shelving scheme Dewey Decimal Classification
Koha item type Books
Existencias
Withdrawn status Lost status Source of classification or shelving scheme Damaged status Not for loan Home library Current library Shelving location Date acquired Source of acquisition Full call number Barcode Date last seen Copy number Price effective from Koha item type
    Dewey Decimal Classification     Biblioteca Pública José María del Castillo y Rada Biblioteca Pública José María del Castillo y Rada General Stacks 04/15/2018 Donación 335.52 / G719f 430005540 05/16/2024 Ej.1 03/10/2021 Books